000
00318nam a2200121Ia 4500
005
20251222143107.0
008
251222s9999||||xx |||||||||||||| ||spa||
020
_a
84-86816-50-5
082
_a
363.7/C81
245
0
_a
El Medio Ambiente
264
_b
Ministerio de Sanidad y Consumo | Comunidad de Madrid
942
_c
LIB
999
_c
11031
_d
11031